| 000 | 00728nam a2200229 u 4500 | ||
|---|---|---|---|
| 005 | 20220916063655.0 | ||
| 008 | 190225s2007 mx r 000 0 spa d | ||
| 020 | _a9789689432203 | ||
| 035 | _aUPN01000229257 | ||
| 049 | _aI | ||
| 050 | 4 |
_aQB521.5 _bB7.2 |
|
| 100 | 1 |
_aBritos, Nicolás _933738 |
|
| 245 | 1 | 3 |
_aEl cielo está lleno de soles / _cNicolás Britos ; il. Rodrigo Folgueira. |
| 260 |
_aMéxico : _bContenidos Estudiantiles Mexicanos, _c2007. |
||
| 300 |
_a[30] p. : _bil. col. |
||
| 440 | 0 | _aRíos de tinta | |
| 650 | 4 |
_aSOL - _vLITERATURA INFANTIL _922064 |
|
| 650 | 4 |
_aASTRONOMIA - _vLITERATURA INFANTIL _911353 |
|
| 650 | 7 |
_aLibros ilustrados para niños _2 _921365 |
|
| 905 | _aInfantil | ||
| 999 |
_c201352 _d201352 |
||